| 000 | 00803cam a22002414 4500 | ||
|---|---|---|---|
| 001 | j 68003497 | ||
| 003 | DLC | ||
| 005 | 20260227111523.0 | ||
| 008 | 101006s1967 ja a 001 0 jpn | ||
| 010 | _aj 68003497 | ||
| 040 |
_aDLC _cDLC _dDLC |
||
| 043 | _aa-ja--- | ||
| 050 | 0 | 0 |
_aK3165 _b.K24 1967 |
| 100 | 1 |
_6880-01 _aKageyama, Hideya, _d1933-1976. |
|
| 245 | 1 | 0 |
_6880-02 _aGendai kenpōgaku no riron / _cKageyama Hideya cho. |
| 260 |
_6880-03 _aTōkyō : _bNihon Hyōronsha, _c1967. |
||
| 300 |
_a14, 281, 10 p. : _bill. ; _c22 cm. |
||
| 650 | 0 | _aConstitutional law. | |
| 650 | 0 |
_aConstitutional law _zJapan. |
|
| 880 | 1 |
_6100-01/$1 _a影山日出彌, _d1933-1976. |
|
| 880 | 1 | 0 |
_6245-02/$1 _a現代憲法学の理論 / _c影山日出彌著. |
| 880 |
_6260-03/$1 _a東京 : _b日本評論社, _c1967. |
||
| 999 |
_c35225 _d35225 |
||